Wszystkie "pętle" GZM - Statystyki

Ogólne statystyki
  • Ten quiz został rozwiązany 5 razy
    2 od ostatniego zresetowania
  • Średni wynik to 25 z 82
Statystyki odpowiedzi
Gmina / Strefa Pętla % Poprawnych
Ruda Śląska Halemba Pętla
100%
Miasteczko Śląskie Bibiela Pętla
50%
Ruda Śląska Bielszowice Pętla
50%
Bieruń Bieruń Pętla
50%
Zabrze Biskupice Pętla
50%
Sosnowiec Bobrek Inwestycyjna Pętla I
50%
Sosnowiec Bobrek Inwestycyjna Pętla II
50%
Ruda Śląska Chebzie Pętla
50%
Chełm Śląski Chełm Mały Pętla
50%
Chorzów Chorzów Batory Pętla
50%
Chorzów Chorzów Stadion Śląski Pętla Zachodnia
50%
Czeladź Czeladź Wojkowicka Pętla
50%
Katowice Giszowiec Kolista Pętla
50%
Dąbrowa Górnicza Gołonóg Wiadukt S1 Pętla
50%
Bytom Górniki Pętla
50%
Sosnowiec Kazimierz Górniczy Pętla
50%
Rudziniec Kleszczów Pętla
50%
Mysłowice Kosztowy Pętla
50%
Sośnicowice Kozłów Pętla
50%
Będzin Ksawera Prosta Pętla
50%
Dąbrowa Górnicza Kuźnica Błędowska Pętla
50%
Mysłowice Ławki Pętla
50%
Katowice Ligota Śląska Pętla
50%
Tychy Mąkołowiec Pętla
50%
Zabrze Makoszowy Pętla
50%
Bytom Miechowice Pętla
50%
Zabrze Mikulczyce Pętla
50%
Sosnowiec Milowice Pętla
50%
Katowice Muchowiec Korty Pętla
50%
Dąbrowa Górnicza Mydlice Pętla
50%
Gliwice Osiedle Kopernika Pętla
50%
Katowice Osiedle Tysiąclecia Pętla
50%
Gliwice Osiedle Waryńskiego Pętla
50%
Tychy Paprocany Pętla
50%
Katowice Piotrowice Pętla
50%
Siemianowice Śląskie Przełajka Pętla
50%
Zbrosławice Przezchlebie Pętla
50%
Zabrze Rokitnica Pętla
50%
Siemianowice Śląskie Siemianowice Powstańców Pętla
50%
Mikołów Śmiłowice Pętla
50%
Tarnowskie Góry Stare Tarnowice Pętla
50%
Katowice Szopienice Pętla
50%
Tychy Tychy Paproci Pętla
50%
Tychy Wartogłowiec Pętla
50%
Zbrosławice Wieszowa Pętla
50%
Zabrze Zaborze Pętla
50%
Pilchowice Żernica Pętla
50%
Gliwice Żerniki Graniczna Pętla
50%
Wojkowice Żychcice Pętla
50%
Bieruń Bieruń Domy Polne Pętla
0%
Katowice Borki Pętla
0%
Mysłowice Brzezinka Pętla
0%
Mysłowice Brzezinka Wysoki Brzeg Pętla
0%
Sławków Burki Pętla
0%
Tychy Cielmice Pętla
0%
Mysłowice Ćmok Pętla
0%
Pyskowice Dzierżno Nad Kanałem Pętla
0%
Pyskowice Dzierżno Pętla
0%
Psary Góra Siewierska Pętla
0%
Łazy Grabowa Pętla
0%
Będzin Grodziec Kijowska Pętla
0%
Lędziny Hołdunów Pętla
0%
Imielin Imielin Zalew Pętla
0%
Zbrosławice Łubki Pętla
0%
Mierzęcice Najdziszów Pętla
0%
Będzin Niepiekło Pętla
0%
Mierzęcice Niwiska Pętla
0%
Tworóg Nowa Wieś Pętla
0%
Sosnowiec Osiedle Bór Pętla
0%
Sosnowiec Osiedle Naftowa Pętla
0%
Toszek Płużniczka Pętla
0%
Tarnowskie Góry Pniowiec Pętla
0%
Dąbrowa Górnicza Podwarpie Pętla
0%
Dąbrowa Górnicza Sikorka Pętla
0%
Sosnowiec Stare Maczki Pętla
0%
Ożarowice Strąków Pętla
0%
Bojszowy Świerczyniec Pętla
0%
Łazy Trzebyczka Pętla
0%
Siemianowice Śląskie Węzłowiec Pętla
0%
Gliwice Wilcze Gardło Pętla
0%
Mierzęcice Zadzień Pętla
0%
Katowice Zarzecze Owsiana Pętla
0%
Nie znaleziono quizów pasujących do podanych kryteriów
Rozkład punktacji
Procent ludzi z każdym wynikiem
Percentyl według liczby udzielonych odpowiedzi
Twoja historia wyników
Nie rozwiązałeś tego quizu od ostatniego zresetowania